La justicia: discurso o mercado?: los nuevos enfoques de la teoría contractualista
Guardat en:
| Autors principals: | , |
|---|---|
| Format: | Llibre |
| Idioma: | espanyol |
| Publicat: |
Barcelona
Gedisa
1992
|
| Col·lecció: | Estudios Alemanes
Grupo Ciencias Sociales. Filosofía |
| Matèries: | |
| Etiquetes: |
Afegir etiqueta
Sense etiquetes, Sigues el primer a etiquetar aquest registre!
|
MARC
| LEADER | 00000nam a2200000 a 4500 | ||
|---|---|---|---|
| 001 | UCX6572 | ||
| 003 | CL-VaPUC | ||
| 008 | 930728e19920000SP |||||||||||||||||spa|d | ||
| 082 | 0 | 4 | |a 320.11 |b KER |2 21 |
| 100 | 0 | |a Kern, Lucian |e author |9 323132 | |
| 700 | 0 | |a Müller, Hans Peter |e author |9 323133 | |
| 245 | 1 | 3 | |a La justicia: discurso o mercado?: los nuevos enfoques de la teoría contractualista |
| 300 | |a 295 p | ||
| 942 | |c BK | ||
| 945 | |d 19930728 00:00:00 | ||
| 260 | |a Barcelona |b Gedisa |c 1992 | ||
| 650 | 0 | |a Contrato social |9 308917 | |
| 650 | 0 | |a Ciencias Políticas |9 255201 | |
| 650 | 0 | |a Sociología |9 255410 | |
| 583 | |a last modification |c 19930728 00:00:00 |k Rodrigo Vera | ||
| 490 | 0 | |a Estudios Alemanes | |
| 490 | 0 | |a Grupo Ciencias Sociales. Filosofía | |
| 999 | |c 226570 |d 226568 | ||
| 952 | |0 0 |1 0 |4 0 |6 320_110000000000000_KER_1992 |7 0 |8 P |9 225054 |a BIBEDU |b BIBEDU |c BIBEDU_PB |d 2019-11-15 |i 2937611 |o 320.11 KER 1992 |p 2937611 |r 2024-01-25 |w 2019-11-15 |y BK |k FIL | ||
| 952 | |0 0 |1 0 |4 0 |6 320_110000000000000_KER_1992 |7 0 |8 P |9 225055 |a BIBEDU |b BIBEDU |c BIBEDU_PB |d 2019-11-15 |i 293762K |o 320.11 KER 1992 |p 293762K |r 2024-01-25 |w 2019-11-15 |y BK |k FIL | ||
| 952 | |0 0 |1 0 |4 0 |6 320_110000000000000_KER_1992 |7 0 |8 DER_TF |9 225056 |a BIBDER |b BIBDER |d 2019-11-15 |i 3283887 |o 320.11 KER 1992 |p 3283887 |r 2023-01-25 |w 2019-11-15 |x Ubicación 4to Piso |y BK |z Estos recursos deben solicitarse con anticipación |k DER | ||
| 952 | |0 0 |1 0 |4 0 |6 320_110000000000000_KER_1992 |7 0 |8 A |9 225057 |a BIBDER |b BIBDER |d 2019-11-15 |i 3283895 |o 320.11 KER 1992 |p 3283895 |r 2023-01-25 |w 2019-11-15 |y BK |k DER | ||
| 952 | |0 0 |1 0 |4 0 |6 320_110000000000000_KER_1992 |7 0 |8 A |9 225058 |a BIBDER |b BIBDER |d 2019-11-15 |i 3337596 |o 320.11 KER 1992 |p 3337596 |r 2019-11-15 |w 2019-11-15 |y BK |k DER | ||